| 000 | 01007nam a2200241 a 4500 | ||
|---|---|---|---|
| 008 | 120416s1990 ||||||||||||||||| || u | ||
| 020 | _a0821313975 | ||
| 050 | _aIBRD(06)S/1990/1 | ||
| 100 | _aBulatao, Rodolfo A | ||
| 245 | 1 | 0 |
_aPopulation Growth and Reproduction in Sub-Saharan Africa _cedited by George T.F. Acsadi, Gwendolyn Johnson-Acsadi and Rodolfo A. Bulatao |
| 246 | _atechnical analyses of fertility and its consequences. | ||
| 260 |
_aWashington, D.C. _bWorld Bank _c1990 |
||
| 300 | _aix, 251p. : ill. | ||
| 350 | _a0.00 | ||
| 490 | _aWorld Bank Symposium | ||
| 650 | _aFERTILITY, HUMAN--AFRICA, SUB-SAHARAN--CONGRESSES | ||
| 650 | _aPOPULATION--ECONOMIC ASPECTS--AFRICA, SUB-SAHARAN | ||
| 650 | _aBIRTH CONTROL-- AFRICA,SUB-SAHARAN | ||
| 700 | _aJohnson-Acsadi, Gwendolyn | ||
| 700 | _aAcsadi, George T.F | ||
| 710 | _aWorld Bank | ||
| 995 |
_D0.00 _FCBU-MAIN LIBRARY (Kitwe) _H1 _I0.00 _M1 _UAVAILABLE _ZInternational Publications |
||
| 999 |
_c54023 _d54023 |
||